|
|
|
|
| LEADER |
00967cam a2200253 a 4500 |
| 001 |
c000296204 |
| 003 |
CARM |
| 005 |
20100511152018.0 |
| 008 |
711007s1971 mau b 001 0 eng d |
| 019 |
1 |
|
|a 469308
|z 24985346
|5 LACONCORD2021
|
| 035 |
|
|
|a (OCoLC)196219
|5 LACONCORD2021
|
| 040 |
|
|
|a LC
|b eng
|c LC
|d NUN:L
|
| 043 |
|
|
|a n-us---
|
| 050 |
0 |
0 |
|a KF8742
|b .S74
|
| 082 |
0 |
4 |
|a 347.73262
|
| 100 |
1 |
|
|a Steamer, Robert J.
|
| 245 |
1 |
4 |
|a The Supreme Court in crisis :
|b a history of conflict /
|c Robert J. Steamer.
|
| 260 |
|
|
|a [Amherst] :
|b University of Massachusetts Press,
|c 1971.
|
| 300 |
|
|
|a viii, 333 p. ;
|c 24 cm.
|
| 504 |
|
|
|a Includes bibliographical references and index.
|
| 610 |
1 |
0 |
|a United States.
|b Supreme Court
|x History.
|
| 852 |
8 |
|
|b CARM
|h A3:AI09B0
|i B11571
|p 0538298
|f BK
|
| 999 |
f |
f |
|i b960ba73-8acd-55fe-ac8a-8c750fca0544
|s 1eba024d-9616-5201-9770-bffa5d8684d1
|
| 952 |
f |
f |
|p Can circulate
|a CAVAL
|b CAVAL
|c CAVAL
|d CARM 1 Store
|e B11571
|f A3:AI09B0
|h Other scheme
|i book
|m 0538298
|